000 00801nam a2200217 a 4500
003 0
005 20250205111833.0
008 130824s19uu xx 00 eng d
050 _aPHS BF 575.S39
_b.Sh556 2013
100 _aShin, Ye Joo
245 _aRelationship between self esteem and coping mechanism /
_cShin Ye Joo.
260 _aLas PiƱas City, Philippines :
_bSouthville International School and Colleges,
_c2013.
300 _a30 pages :
_billustrations ;
_c28 cm.
504 _aIncludes bibliographical references.
650 _aSelf-esteem
_vPsychological aspects.
650 _aCoping behavior
_vEmotional regulation.
650 _aStress management
_vIndividual differences.
650 _aMental health
_vSelf-concept.
650 _aAdolescence
_vCoping mechanisms.
942 _2lcc
_cPASS
999 _c99084
_d99084